| 000 | 00488 a2200133 4500 | ||
|---|---|---|---|
| 020 | _a1843762358 | ||
| 920 | _a1-84376-235-8 | ||
| 100 | 1 |
_aJensen, Hans S.. _eAutor |
|
| 700 | 1 |
_aRichter, Lykke M.. _eAutor |
|
| 700 | 1 |
_aVendelo, Morten T.. _eAutor |
|
| 245 | 0 |
_aThe Evolution of Scientific Knowledge / _cJensen Hans S., Richter Lykke M., Vendelo Morten T.. |
|
| 710 | 2 |
_aEdward Elgar Publishing Limited. _eWydawca _4pbl |
|
| 260 |
_aMontpellier Parade : _bEE Publ., _c2003. |
||
| 300 |
_aXI, 225 s.: _bil.; _c24 cm. |
||
| 999 |
_c17736 _d17736 |
||